[Event "Madrid-ch Previa A"]
[Site "Madrid ESP"]
[Date "2014.02.11"]
[Round "5.14"]
[White "Boni De Aristizabal, Marco"]
[Black "Camarero Izquierdo, Juan Carlos"]
[Result "1/2-1/2"]
[WhiteElo "1756"]
[BlackElo "1870"]
[PlyCount "108"]
[EventDate "2014.02.03"]
[EventType "swiss"]
[EventRounds "9"]
[EventCountry "ESP"]
[Source "lmi"]
[SourceDate "2014.02.03"]

1. e4 c5 2. c3 e5 3. Nf3 Nc6 4. Bb5 d6 5. d4 cxd4 6. cxd4 exd4 7. Nxd4 Bd7 8.
O-O Nf6 9. Nc3 a6 10. Bxc6 bxc6 11. Bg5 Be7 12. Qf3 Qb6 13. Nf5 Bxf5 14. exf5
O-O 15. Rfe1 Rfe8 16. Re2 h6 17. Bh4 d5 18. Rae1 Bf8 19. Bxf6 Rxe2 20. Rxe2
gxf6 21. Qg4+ Kh7 22. Qh5 Ra7 23. h3 Bb4 24. Qh4 Bxc3 25. bxc3 Qb1+ 26. Kh2
Qxf5 27. Re3 Rb7 28. Rf3 Qe5+ 29. g3 Qg5 30. Rxf6 Qxh4 31. gxh4 Rb2 32. Kg3
Rxa2 33. Rxc6 a5 34. Rc5 Rc2 35. Rxa5 Rxc3+ 36. f3 Rd3 37. Kf4 Kg6 38. Kg4 Rd1
39. Ra6+ f6 40. h5+ Kg7 41. Kf5 Rf1 42. f4 d4 43. Rxf6 Rxf4+ 44. Kxf4 Kxf6 45.
Ke4 Kg5 46. Kxd4 Kxh5 47. Ke4 Kh4 48. Kf3 Kxh3 49. Kf2 h5 50. Kf3 h4 51. Kf2
Kh2 52. Kf3 h3 53. Kf2 Kh1 54. Kg3 h2 1/2-1/2

[Event "Madrid-ch Previa A"]
[Site "Madrid ESP"]
[Date "2014.02.11"]
[Round "5.15"]
[White "Leniz Martinez, Francisco"]
[Black "Lopez Peral, Enrique"]
[Result "0-1"]
[WhiteElo "1756"]
[BlackElo "1804"]
[PlyCount "142"]
[EventDate "2014.02.03"]
[EventType "swiss"]
[EventRounds "9"]
[EventCountry "ESP"]
[Source "lmi"]
[SourceDate "2014.02.03"]

1. e4 c5 2. c3 d5 3. exd5 Qxd5 4. Nf3 Nf6 5. d4 Bg4 6. Be2 cxd4 7. cxd4 e6 8.
Nc3 Bb4 9. O-O Bxc3 10. bxc3 O-O 11. c4 Qd6 12. a4 Rd8 13. h3 Bf5 14. Bb2 Nbd7
15. Qb3 Be4 16. Qe3 Rac8 17. Rfc1 b6 18. Nd2 Bg6 19. Ba3 Qc7 20. Bb2 h6 21. Bf3
Nh5 22. g3 Ndf6 23. Re1 Nh7 24. Qe2 N5f6 25. h4 Nf8 26. Kg2 N8d7 27. Rac1 Nb8
28. d5 Re8 29. Be5 exd5 30. Bxc7 Rxe2 31. Bxe2 Rxc7 32. cxd5 Nxd5 33. Rxc7 Nxc7
34. Rc1 Nca6 35. Nb1 Be4+ 36. f3 Bd5 37. Nc3 Be6 38. Nb5 Nc5 39. a5 Nbd7 40.
Nxa7 bxa5 41. Nb5 Nb3 42. Rc8+ Kh7 43. Na3 Ndc5 44. Rc7 Kg6 45. Bc4 Bxc4 46.
Nxc4 a4 47. Na3 Kf6 48. g4 Nd3 49. Kg3 g5 50. Rc6+ Kg7 51. Ra6 gxh4+ 52. Kxh4
Nd4 53. Kg3 Ne2+ 54. Kg2 Ndf4+ 55. Kf2 Nc3 56. Ke3 Nfd5+ 57. Kd4 Kh7 58. Ra5
Kg6 59. Rxd5 Nxd5 60. Kxd5 f5 61. Ke6 fxg4 62. f4 Kg7 63. Ke7 g3 64. f5 g2 65.
f6+ Kg6 66. f7 g1=Q 67. f8=Q Qc5+ 68. Ke8 Qxf8+ 69. Kxf8 h5 70. Ke7 h4 71. Kd6
h3 0-1

[Event "Madrid-ch Previa A"]
[Site "Madrid ESP"]
[Date "2014.02.11"]
[Round "5.16"]
[White "Fuster Aguilo, Juan"]
[Black "Jimenez Jimenez, Darfo"]
[Result "1-0"]
[WhiteElo "1775"]
[BlackElo "1673"]
[PlyCount "71"]
[EventDate "2014.02.03"]
[EventType "swiss"]
[EventRounds "9"]
[EventCountry "ESP"]
[Source "lmi"]
[SourceDate "2014.02.03"]

1. e4 c5 2. Nc3 Nc6 3. g3 d6 4. Bg2 g6 5. f4 Bg7 6. Nf3 Bg4 7. h3 Bd7 8. Ne2
Qc8 9. Nh2 Bxh3 10. Bf3 Bd7 11. g4 Bf6 12. g5 Bg7 13. Ng3 Nd4 14. c3 Nxf3+ 15.
Qxf3 h6 16. d3 hxg5 17. f5 f6 18. fxg6 Rh3 19. Bxg5 Be6 20. Bf4 Qd7 21. O-O-O
Bxa2 22. Nhf1 Be6 23. Ne3 Bh6 24. Rxh3 Bxh3 25. Bxh6 Nxh6 26. Rh1 O-O-O 27. Qh5
Ng4 28. Qxh3 Nxe3 29. Qxd7+ Kxd7 30. Kd2 Ng4 31. g7 Rg8 32. Nf5 Ke8 33. Rh7 b6
34. Ke2 Kf7 35. d4 Kg6 36. Rh4 1-0

[Event "Madrid-ch Previa A"]
[Site "Madrid ESP"]
[Date "2014.02.11"]
[Round "5.17"]
[White "Calleja Aletta, Jacobo"]
[Black "Roldan Garcia, Angel"]
[Result "1/2-1/2"]
[WhiteElo "1577"]
[BlackElo "1765"]
[PlyCount "111"]
[EventDate "2014.02.03"]
[EventType "swiss"]
[EventRounds "9"]
[EventCountry "ESP"]
[Source "lmi"]
[SourceDate "2014.02.03"]

1. c4 Nf6 2. Nc3 g6 3. d4 Bg7 4. h3 d6 5. Bf4 O-O 6. Nf3 Nbd7 7. e3 a6 8. Be2
Re8 9. O-O b6 10. Rb1 Bb7 11. b4 e5 12. Bg3 exd4 13. Nxd4 Ne5 14. Bh4 Qc8 15.
Nf3 Qf5 16. Nd4 Qc8 17. Nf3 Ne4 18. Nxe4 Bxe4 19. Rc1 Qb7 20. c5 Nxf3+ 21. Bxf3
Bxf3 22. Qxf3 Qxf3 23. gxf3 dxc5 24. bxc5 bxc5 25. Rxc5 Be5 26. Rfc1 Bd6 27.
Rc6 Re5 28. e4 Ra5 29. R1c2 Rb8 30. Bf6 Kf8 31. Kf1 Ke8 32. Ke2 Rb6 33. R6c4
Bf4 34. Bh4 Rh5 35. Bg3 Bxg3 36. fxg3 Rxh3 37. Rxc7 Rxg3 38. Rc8+ Ke7 39. R2c7+
Kd6 40. Rxf7 Rb2+ 41. Ke3 Rxa2 42. Kf4 Rh3 43. e5+ Ke6 44. Rf6+ Ke7 45. Ra8
Ra4+ 46. Ke3 Ra3+ 47. Ke4 Rh4+ 48. f4 Ra4+ 49. Kf3 Ra3+ 50. Kg2 Rg4+ 51. Kf2
Rh4 52. Ra7+ Ke8 53. Kg2 Rhh3 54. Raxa6 Rhg3+ 55. Kf2 Rgf3+ 56. Ke2 1/2-1/2

[Event "Madrid-ch Previa A"]
[Site "Madrid ESP"]
[Date "2014.02.11"]
[Round "5.18"]
[White "Cano Mercado, Francisco Manuel"]
[Black "Cortijo Manso, Luis"]
[Result "1-0"]
[WhiteElo "1863"]
[BlackElo "1554"]
[PlyCount "65"]
[EventDate "2014.02.03"]
[EventType "swiss"]
[EventRounds "9"]
[EventCountry "ESP"]
[Source "lmi"]
[SourceDate "2014.02.03"]

1. d4 d5 2. c4 c6 3. Nc3 Nf6 4. cxd5 Nxd5 5. e4 Nxc3 6. bxc3 g6 7. Bc4 e6 8.
Nf3 Nd7 9. Be3 Bg7 10. Qd2 Nf6 11. Bd3 O-O 12. Rd1 b6 13. Bg5 Qc7 14. Bf4 Qd7
15. Ne5 Qe8 16. Bh6 Bb7 17. h4 c5 18. f3 cxd4 19. cxd4 Qa4 20. Bc4 Ba6 21. Bxa6
Qxa6 22. h5 Bxh6 23. Qxh6 Qxa2 24. hxg6 fxg6 25. Nxg6 Qa5+ 26. Kf1 Rf7 27. Ne5
Raf8 28. Nxf7 Rxf7 29. e5 Ne4 30. Rh4 Ng3+ 31. Kg1 Nf5 32. Rg4+ Rg7 33. Qxe6+
1-0

[Event "Madrid-ch Previa A"]
[Site "Madrid ESP"]
[Date "2014.02.11"]
[Round "5.19"]
[White "Lopez Orellana, Federico"]
[Black "Lucia Carpintero, Oscar"]
[Result "1-0"]
[WhiteElo "1818"]
[BlackElo "1665"]
[PlyCount "61"]
[EventDate "2014.02.03"]
[EventType "swiss"]
[EventRounds "9"]
[EventCountry "ESP"]
[Source "lmi"]
[SourceDate "2014.02.03"]

1. d4 Nf6 2. Bg5 c5 3. d5 Ne4 4. Bf4 Qb6 5. Nd2 Nxd2 6. Bxd2 Qxb2 7. e4 d6 8.
Bc4 Qf6 9. Ne2 e5 10. O-O g5 11. Qc1 Rg8 12. Qb2 b6 13. f4 gxf4 14. Bxf4 Qg6
15. Bg3 Qxe4 16. Bb5+ Bd7 17. Rae1 Qxd5 18. c4 Qb7 19. Nf4 Bxb5 20. Qxb5+ Qd7
21. Qb1 f5 22. Nd5 Be7 23. Rxf5 Nc6 24. Rf7 O-O-O 25. Qxh7 Rh8 26. Qe4 Qe8 27.
Ref1 Kb8 28. Qg6 Rf8 29. Qh7 Rxf7 30. Rxf7 Nb4 31. Rxe7 1-0

[Event "Madrid-ch Previa A"]
[Site "Madrid ESP"]
[Date "2014.02.11"]
[Round "5.20"]
[White "Rodriguez Bachiller, Luis"]
[Black "Marcelo de la Mata, Daniel"]
[Result "1-0"]
[WhiteElo "1771"]
[BlackElo "1668"]
[PlyCount "111"]
[EventDate "2014.02.03"]
[EventType "swiss"]
[EventRounds "9"]
[EventCountry "ESP"]
[Source "lmi"]
[SourceDate "2014.02.03"]

1. e4 c5 2. Nf3 Nc6 3. Nc3 d6 4. d4 cxd4 5. Nxd4 Nf6 6. Bg5 e5 7. Nf3 Be6 8.
Be2 a6 9. O-O b5 10. a3 Be7 11. Qd2 Qc7 12. Rfd1 Rd8 13. Bxf6 Bxf6 14. Ng5 Nd4
15. Nxe6 Nxe2+ 16. Qxe2 fxe6 17. Rd3 O-O 18. Rad1 Be7 19. Qg4 Rf6 20. Qe2 Rdf8
21. f3 Qc5+ 22. Qe3 d5 23. Qxc5 Bxc5+ 24. Kf1 d4 25. Na2 Rc8 26. c3 a5 27. Rc1
Rff8 28. Ke2 Bb6 29. Kd2 Kf7 30. b4 a4 31. f4 Ke7 32. cxd4 Rxc1 33. Nxc1 Bxd4
34. Ne2 Rd8 35. g4 g6 36. Nxd4 exd4 37. Rh3 Rf8 38. Rxh7+ Kd6 39. e5+ Kd5 40.
Rb7 Rxf4 41. Rxb5+ Kc4 42. Rc5+ Kb3 43. b5 Kxa3 44. b6 Kb4 45. b7 Kxc5 46. b8=Q
Rf2+ 47. Ke1 Rxh2 48. Qd6+ Kc4 49. Qxe6+ Kd3 50. Qxg6+ Ke3 51. Qg5+ Ke4 52.
Qf5+ Ke3 53. Qf1 Ra2 54. Qh3+ Ke4 55. e6 Ra1+ 56. Kd2 1-0

[Event "Madrid-ch Previa A"]
[Site "Madrid ESP"]
[Date "2014.02.11"]
[Round "5.21"]
[White "Salgado Duarte, Pablo"]
[Black "Canseco Arenas, Alfonso"]
[Result "0-1"]
[WhiteElo "1554"]
[BlackElo "1721"]
[PlyCount "78"]
[EventDate "2014.02.03"]
[EventType "swiss"]
[EventRounds "9"]
[EventCountry "ESP"]
[Source "lmi"]
[SourceDate "2014.02.03"]

1. d4 Nf6 2. c4 e5 3. d5 Bc5 4. e3 d6 5. Be2 Ne4 6. Nf3 f5 7. Nbd2 Nf6 8. Nb3
Bb6 9. h3 a6 10. O-O O-O 11. Bd2 Nbd7 12. Bc3 Ne4 13. Qc2 Nxc3 14. Qxc3 Qe7 15.
Nfd2 Nf6 16. Qc2 Bd7 17. e4 fxe4 18. Nxe4 Nxe4 19. Qxe4 Rf4 20. Qc2 Qg5 21. Qc3
Raf8 22. c5 dxc5 23. Bc4 Kh8 24. Nd2 Ba5 25. Qxa5 Bxh3 26. g3 Rxf2 27. Ne4
Rxf1+ 28. Bxf1 Qe3+ 29. Kh2 Bxf1 30. Qe1 Qf3 31. Qxf1 Qxf1 32. Rxf1 Rxf1 33.
Kg2 Rb1 34. Nxc5 Rxb2+ 35. Kf3 Rb5 36. Ne6 Rxd5 37. Nxc7 Ra5 38. Ke4 Rxa2 39.
Kxe5 Kg8 0-1

[Event "Madrid-ch Previa A"]
[Site "Madrid ESP"]
[Date "2014.02.11"]
[Round "5.23"]
[White "Buergo Villanueva, Fernando"]
[Black "Morera Rodriguez, Ignacio"]
[Result "0-1"]
[WhiteElo "1321"]
[BlackElo "1863"]
[PlyCount "68"]
[EventDate "2014.02.03"]
[EventType "swiss"]
[EventRounds "9"]
[EventCountry "ESP"]
[Source "lmi"]
[SourceDate "2014.02.03"]

1. d4 Nf6 2. c4 g6 3. Nc3 d5 4. c5 Bg7 5. Nf3 O-O 6. e3 Re8 7. Bd3 Bg4 8. h3
Bxf3 9. Qxf3 Nc6 10. Bb5 e5 11. O-O exd4 12. Bxc6 bxc6 13. exd4 Ne4 14. Be3 Rb8
15. Rab1 Rb4 16. Rfd1 Qb8 17. Nxe4 Rxe4 18. Qe2 Bxd4 19. b3 Bxc5 20. Rd3 Qe8
21. a3 Rb8 22. b4 d4 23. Rbb3 Bb6 24. Qa2 dxe3 25. fxe3 Qe5 26. Kh1 Re8 27. Qf2
Bxe3 28. Qf3 Bf4 29. g3 Qa1+ 30. Rd1 Re1+ 31. Kg2 R8e2+ 32. Qxe2 Rxe2+ 33. Kf3
Qxd1 34. Kxf4 Qxb3 0-1

[Event "Madrid-ch Previa A"]
[Site "Madrid ESP"]
[Date "2014.02.11"]
[Round "5.26"]
[White "Dominguez Afonso, Ayraldo"]
[Black "Ramos Antona, Enrique"]
[Result "1/2-1/2"]
[WhiteElo "1508"]
[BlackElo "1643"]
[PlyCount "128"]
[EventDate "2014.02.03"]
[EventType "swiss"]
[EventRounds "9"]
[EventCountry "ESP"]
[Source "lmi"]
[SourceDate "2014.02.03"]

1. e4 d6 2. d4 Nf6 3. Nc3 g6 4. Nf3 Bg7 5. Be3 c6 6. a4 O-O 7. Qd2 Na6 8. Be2
Qa5 9. O-O Bg4 10. h3 Bxf3 11. Bxf3 Qc7 12. Rfe1 Nb4 13. Bf4 e5 14. dxe5 dxe5
15. Be3 Rfd8 16. Qe2 a5 17. Rad1 Rxd1 18. Rxd1 Rd8 19. b3 Bf8 20. Bg5 Be7 21.
Rd2 Rxd2 22. Qxd2 Qd8 23. Qd1 Qxd1+ 24. Bxd1 Kf8 25. Kf1 Nd7 26. Be3 Nc5 27. f4
f6 28. Ke2 exf4 29. Bxf4 Ne6 30. Be3 Bc5 31. g4 Kf7 32. Nb1 g5 33. c3 Na6 34.
Bc1 Nf4+ 35. Bxf4 gxf4 36. Kf3 Bd6 37. Nd2 b5 38. Be2 Nc7 39. h4 h6 40. Bd3 Be5
41. c4 bxa4 42. bxa4 Ne6 43. Nb3 Bc3 44. c5 Nd4+ 45. Nxd4 Bxd4 46. Kxf4 Bxc5
47. Kf5 Bd4 48. Bc4+ Kg7 49. g5 fxg5 50. hxg5 hxg5 51. Kxg5 Kf8 52. Kf4 Ke7 53.
e5 Bc3 54. Ke4 Bb2 55. Kf5 Bd4 56. Ba6 Bc3 57. Bb7 c5 58. Bd5 Bd4 59. Ke4 Bc3
60. Bc4 Be1 61. Kd5 Bc3 62. e6 Be1 63. Kxc5 Bb4+ 64. Kb5 Be1 1/2-1/2

[Event "Madrid-ch Previa A"]
[Site "Madrid ESP"]
[Date "2014.02.11"]
[Round "5.27"]
[White "Enriquez Pastor, Jorge"]
[Black "Ojosnegros Martin, Angel"]
[Result "1/2-1/2"]
[WhiteElo "1413"]
[BlackElo "1532"]
[PlyCount "150"]
[EventDate "2014.02.03"]
[EventType "swiss"]
[EventRounds "9"]
[EventCountry "ESP"]
[Source "lmi"]
[SourceDate "2014.02.03"]

1. e4 e5 2. Nf3 Nc6 3. Bb5 Bc5 4. O-O Nge7 5. c3 Bb6 6. d4 exd4 7. Nxd4 h6 8.
Nxc6 Nxc6 9. Bxc6 bxc6 10. Qf3 Bb7 11. Re1 Qe7 12. Nd2 O-O-O 13. Nf1 f5 14. Bd2
c5 15. Ng3 g6 16. Qd3 fxe4 17. Nxe4 c4 18. Qe2 Kb8 19. Ng3 Qf7 20. Qf1 Rhf8 21.
Be3 Bxe3 22. Rxe3 Qd5 23. Rae1 Qd2 24. Qe2 Qd5 25. f3 Qc5 26. Qf2 Qb6 27. R3e2
Qf6 28. Re3 d5 29. Re6 Qg5 30. R6e5 Qf4 31. Qe3 Qxe3+ 32. R5xe3 Bc8 33. Ne2 c5
34. Kf2 Rde8 35. Rxe8 Rxe8 36. Nf4 Rxe1 37. Kxe1 d4 38. cxd4 cxd4 39. Nxg6 Bf5
40. Ne5 Be6 41. Nc6+ Kc7 42. Nxd4 Bd7 43. Kd2 Kb6 44. Kc3 Kc5 45. Ne2 Bf5 46.
Ng3 Bd3 47. Nh5 Bf1 48. g3 Be2 49. Nf6 Bxf3 50. g4 a5 51. h4 Be2 52. g5 hxg5
53. hxg5 Bd3 54. b3 cxb3 55. axb3 Bg6 56. Nd7+ Kb5 57. Nf8 Bf7 58. g6 Bg8 59.
Nd7 a4 60. bxa4+ Kxa4 61. Kd4 Kb5 62. Ke5 Kc6 63. Nf6 Ba2 64. Nh5 Kd7 65. Kf5
Ke8 66. Kg5 Kf8 67. g7+ Ke8 68. Kg6 Bb3 69. Kf6 Ba2 70. Nf4 Bg8 71. Kg6 Ke7 72.
Nh5 Bf7+ 73. Kh7 Ke6 74. Nf4+ Kf5 75. Ng6 Bxg6+ 1/2-1/2

[Event "Madrid-ch Previa A"]
[Site "Madrid ESP"]
[Date "2014.02.12"]
[Round "6.1"]
[White "Martin-Consuegra Barrilero, Javier"]
[Black "Perez Agusti, Luis"]
[Result "0-1"]
[WhiteElo "1853"]
[BlackElo "1941"]
[PlyCount "138"]
[EventDate "2014.02.03"]
[EventType "swiss"]
[EventRounds "9"]
[EventCountry "ESP"]
[Source "lmi"]
[SourceDate "2014.02.03"]

1. d4 d5 2. Bf4 Bf5 3. e3 e6 4. Nf3 Bd6 5. Bg3 Nf6 6. Nbd2 O-O 7. Be2 c5 8. c3
h6 9. Ne5 cxd4 10. exd4 Nc6 11. f4 Ne4 12. Nxe4 Bxe4 13. Bf3 f5 14. O-O Bxe5
15. fxe5 Qb6 16. Bxe4 fxe4 17. Qe2 Ne7 18. Rxf8+ Rxf8 19. Rf1 Rxf1+ 20. Kxf1
Qc6 21. Bf4 b5 22. g4 Qc4 23. a3 Kf7 24. h4 Nc6 25. Qxc4 bxc4 26. h5 Kg8 27.
Ke2 g6 28. Bxh6 gxh5 29. gxh5 Ne7 30. Bg5 Nf5 31. Bd8 Kh7 32. a4 Kh6 33. a5 a6
34. Bf6 Kxh5 35. Bd8 Kg4 36. Bf6 Nh4 37. Kf2 Ng6 38. Bg7 Nf4 39. Bh6 Nd3+ 40.
Ke2 Nxb2 41. Bc1 Nd3 42. Bd2 Nf4+ 43. Kf2 Ng6 44. Bc1 Nh8 45. Ba3 Nf7 46. Ke3
Nd8 47. Bd6 Kf5 48. Bc7 Nc6 49. Bb6 Kg6 50. Kd2 Kf7 51. Ke3 Ke7 52. Kd2 Nd8 53.
Ke3 Kd7 54. Kf4 Nb7 55. Ke3 Kc6 56. Kd2 Kb5 57. Kc2 Nxa5 58. Bd8 Nc6 59. Bg5
Kb6 60. Kb2 Kc7 61. Ka3 Kd7 62. Kb2 Ne7 63. Bh4 Nf5 64. Be1 Ke7 65. Ka3 Ne3 66.
Bh4+ Kf7 67. Bd8 Ng2 68. Kb2 e3 69. Kc2 e2 0-1

[Event "Madrid-ch Previa A"]
[Site "Madrid ESP"]
[Date "2014.02.12"]
[Round "6.3"]
[White "Garcia Fernandez, Jesus"]
[Black "Gonzalez Recas, Fernando"]
[Result "1-0"]
[WhiteElo "1887"]
[BlackElo "1796"]
[PlyCount "87"]
[EventDate "2014.02.03"]
[EventType "swiss"]
[EventRounds "9"]
[EventCountry "ESP"]
[Source "lmi"]
[SourceDate "2014.02.03"]

1. e4 d6 2. d4 Nf6 3. Nc3 g6 4. f3 c6 5. Be3 Nbd7 6. a4 Bg7 7. Qd2 O-O 8. Bc4
Qc7 9. Nge2 Nb6 10. Bb3 Be6 11. Bxe6 fxe6 12. b3 Nbd7 13. Nf4 Kf7 14. Nd3 Rad8
15. O-O e5 16. dxe5 dxe5 17. Qf2 b6 18. Qh4 Kg8 19. Kh1 Rf7 20. b4 Ne8 21. Ne2
Nd6 22. Nb2 Rdf8 23. c4 Nf6 24. Nc3 Nh5 25. Rfd1 Nf4 26. Qe1 Qc8 27. Rd2 Qe6
28. Qf1 h5 29. c5 Nc8 30. Qc4 Qf6 31. Rf1 Kh7 32. Nbd1 Bh6 33. Rc2 Rd8 34. Bg1
Rff8 35. b5 Qe6 36. Qxe6 Nxe6 37. cxb6 axb6 38. bxc6 Nd4 39. Rb2 Nxc6 40. Nd5
Bg5 41. N1c3 e6 42. Nxb6 Nxb6 43. Bxb6 Rb8 44. Rfb1 1-0

[Event "Madrid-ch Previa A"]
[Site "Madrid ESP"]
[Date "2014.02.12"]
[Round "6.4"]
[White "Veiga Rodriguez, Pablo"]
[Black "Jimenez Gonzalez, Marcos"]
[Result "0-1"]
[WhiteElo "1593"]
[BlackElo "1852"]
[PlyCount "74"]
[EventDate "2014.02.03"]
[EventType "swiss"]
[EventRounds "9"]
[EventCountry "ESP"]
[Source "lmi"]
[SourceDate "2014.02.03"]

1. d4 e6 2. c4 d5 3. Nc3 c5 4. cxd5 exd5 5. dxc5 d4 6. Ne4 Nc6 7. Bf4 Qd5 8.
Nd6+ Bxd6 9. cxd6 Nf6 10. h3 O-O 11. Nf3 Re8 12. e3 Bf5 13. d7 Bxd7 14. Be2 Bf5
15. exd4 Rad8 16. Be3 Qa5+ 17. Nd2 Nxd4 18. O-O Rxe3 19. Nc4 Nxe2+ 20. Qxe2
Rxe2 21. Nxa5 Rxb2 22. Nc4 Re2 23. Ne3 Be6 24. a4 h6 25. Rab1 b6 26. a5 bxa5
27. Rb7 a4 28. Rxa7 Ra2 29. Rc1 Ne4 30. Ng4 Bxg4 31. hxg4 Nxf2 32. Rcc7 Rd1+
33. Kh2 Nxg4+ 34. Kg3 Ne5 35. Rc8+ Kh7 36. Re7 Rd3+ 37. Kh2 Ng4+ 0-1

[Event "Madrid-ch Previa A"]
[Site "Madrid ESP"]
[Date "2014.02.12"]
[Round "6.5"]
[White "Ore Leon, Gustavo"]
[Black "Saber, Salah"]
[Result "1-0"]
[WhiteElo "1814"]
[BlackElo "1845"]
[PlyCount "159"]
[EventDate "2014.02.03"]
[EventType "swiss"]
[EventRounds "9"]
[EventCountry "ESP"]
[Source "lmi"]
[SourceDate "2014.02.03"]

1. d4 d5 2. c4 e6 3. Nf3 c6 4. Nc3 Nf6 5. Bg5 Be7 6. e3 Nbd7 7. Bd3 h6 8. Bf4
O-O 9. h3 Re8 10. O-O Nf8 11. Ne5 N6d7 12. cxd5 Nxe5 13. Bxe5 exd5 14. a3 Bd6
15. f4 f6 16. Bxd6 Qxd6 17. Rf3 Bd7 18. Na4 b6 19. Rc1 Re7 20. Qd2 Rae8 21. Bb1
Qe6 22. Nc3 Qf7 23. Qd3 f5 24. b4 b5 25. Kh2 Ra8 26. a4 a6 27. a5 Rae8 28. Rg1
h5 29. g3 g6 30. Nd1 Nh7 31. Nf2 Nf6 32. Nd1 Kg7 33. Rf2 Rh8 34. Kg2 Ne4 35.
Qe2 Nxf2 36. Kxf2 Qf6 37. Nb2 Rhe8 38. Re1 h4 39. Qf3 hxg3+ 40. Qxg3 Rh8 41.
Nd3 Qh4 42. Rg1 Be8 43. Ne5 Kf6 44. Bd3 Reh7 45. Bf1 Rh5 46. Qxh4+ Rxh4 47. Rg3
Rg8 48. Nd3 Bd7 49. Nc5 Bc8 50. Nd3 g5 51. Ne5 Bb7 52. Nd7+ Ke7 53. Ne5 g4 54.
hxg4 fxg4 55. Kg2 Kd6 56. Be2 Bc8 57. Nf7+ Kc7 58. Bd3 Rg7 59. Ne5 Rh3 60. f5
Rxg3+ 61. Kxg3 Rg5 62. f6 Rg8 63. f7 Rf8 64. Bh7 Be6 65. Bg8 Bf5 66. Kf4 Be4
67. Kxg4 Kd6 68. Kg5 Bc2 69. Kf6 Rc8 70. Kg7 Rc7 71. Bh7 Bxh7 72. Kxh7 Ke7 73.
Kg7 Ke6 74. Kg8 Rxf7 75. Nxf7 Kf5 76. Ne5 Ke4 77. Kf7 Kxe3 78. Nxc6 Kd3 79. Ke6
Kc4 80. Kd6 1-0

[Event "Madrid-ch Previa A"]
[Site "Madrid ESP"]
[Date "2014.02.12"]
[Round "6.6"]
[White "Montes De Santiago, Fernando"]
[Black "Algaba Traspuesto, Jose Antonio"]
[Result "1/2-1/2"]
[WhiteElo "1826"]
[BlackElo "1721"]
[PlyCount "45"]
[EventDate "2014.02.03"]
[EventType "swiss"]
[EventRounds "9"]
[EventCountry "ESP"]
[Source "lmi"]
[SourceDate "2014.02.03"]

1. d4 Nf6 2. c4 e6 3. Nf3 d5 4. e3 c5 5. Nc3 Nc6 6. b3 cxd4 7. exd4 Bb4 8. Bb2
Ne4 9. Rc1 Qf6 10. a3 Bxc3+ 11. Bxc3 Nxc3 12. Rxc3 O-O 13. Be2 dxc4 14. bxc4 e5
15. dxe5 Nxe5 16. Nxe5 Qxe5 17. Re3 Qa5+ 18. Qd2 Qxd2+ 19. Kxd2 Be6 20. Rb1 b6
21. Ke1 Rac8 22. Rc1 Rc7 23. Rec3 1/2-1/2

[Event "Madrid-ch Previa A"]
[Site "Madrid ESP"]
[Date "2014.02.12"]
[Round "6.7"]
[White "Cisneros Rodriguez, Amick"]
[Black "Hernandez Garcia, Carlos"]
[Result "0-1"]
[WhiteElo "1711"]
[BlackElo "1819"]
[PlyCount "90"]
[EventDate "2014.02.03"]
[EventType "swiss"]
[EventRounds "9"]
[EventCountry "ESP"]
[Source "lmi"]
[SourceDate "2014.02.03"]

1. e4 c5 2. Nc3 d6 3. f4 Nc6 4. h3 a6 5. Nf3 b5 6. g4 b4 7. Ne2 e6 8. Bg2 Bb7
9. d3 Be7 10. O-O Nf6 11. Qe1 Rc8 12. Qg3 h5 13. g5 h4 14. Nxh4 Nd4 15. Nxd4
Nh5 16. Qf2 cxd4 17. Nf3 d5 18. e5 Qc7 19. Ne1 g6 20. Bd2 Ng7 21. Rc1 Nf5 22.
Kh2 Bc5 23. Nf3 Kd7 24. Qe1 a5 25. a3 Qb6 26. axb4 axb4 27. b3 Ra8 28. Ra1 Ne3
29. Bxe3 dxe3 30. Qe2 Ra3 31. Rxa3 bxa3 32. Ra1 Ra8 33. Ra2 d4 34. Ne1 Bxg2 35.
Qxg2 Qc6 36. Qxc6+ Kxc6 37. Nf3 Kd5 38. Kg2 Bb4 39. Kf1 Bc3 40. Ke2 Kc5 41. h4
Kb4 42. Kd1 Bb2 43. Nh2 Rh8 44. Nf3 Kc3 45. Ke2 Kxc2 0-1

[Event "Madrid-ch Previa A"]
[Site "Madrid ESP"]
[Date "2014.02.12"]
[Round "6.8"]
[White "Caamano Jimenez, Luis"]
[Black "Quispe Arteaga, Gabriel"]
[Result "0-1"]
[WhiteElo "1772"]
[BlackElo "1556"]
[PlyCount "64"]
[EventDate "2014.02.03"]
[EventType "swiss"]
[EventRounds "9"]
[EventCountry "ESP"]
[Source "lmi"]
[SourceDate "2014.02.03"]

1. d4 d5 2. c4 e6 3. Nf3 Nf6 4. Nc3 Nc6 5. Bg5 Bb4 6. Qc2 h6 7. Bxf6 Qxf6 8. e3
Bd7 9. a3 Bxc3+ 10. Qxc3 O-O 11. Bd3 dxc4 12. Bxc4 Rac8 13. O-O Rfd8 14. Rad1
a6 15. b4 Ne7 16. Ne5 Ba4 17. Rc1 Ng6 18. f4 Nxe5 19. fxe5 Qe7 20. Rf2 Bc6 21.
Rcf1 Rf8 22. Bxa6 Bxg2 23. Rxg2 bxa6 24. Qd3 Ra8 25. Rc1 Ra7 26. e4 f6 27. Qe3
Kh7 28. d5 Rb7 29. exf6 Qxf6 30. e5 Qf5 31. dxe6 Rb6 32. Rxc7 Qf1# 0-1

[Event "Madrid-ch Previa A"]
[Site "Madrid ESP"]
[Date "2014.02.12"]
[Round "6.9"]
[White "Santamaria Baeza, A."]
[Black "Fernandez Aransay, Fernando"]
[Result "0-1"]
[WhiteElo "1928"]
[BlackElo "1886"]
[PlyCount "90"]
[EventDate "2014.02.03"]
[EventType "swiss"]
[EventRounds "9"]
[EventCountry "ESP"]
[Source "lmi"]
[SourceDate "2014.02.03"]

1. e4 c5 2. Nf3 d6 3. d4 cxd4 4. Qxd4 Nc6 5. Bb5 Bd7 6. Qe3 Nf6 7. O-O g6 8.
Bxc6 Bxc6 9. e5 Ng4 10. Qf4 Nxe5 11. Nxe5 dxe5 12. Qxe5 Qd5 13. Qxd5 Bxd5 14.
Nc3 Bc6 15. Re1 Bg7 16. a4 e6 17. Be3 O-O 18. h4 h5 19. a5 a6 20. Rab1 Rfd8 21.
Bb6 Rd2 22. Rec1 Bh6 23. b4 Rc8 24. b5 Bxg2 25. Kxg2 Rxc3 26. bxa6 bxa6 27. Rd1
Rcxc2 28. Rxd2 Bxd2 29. Rb3 Rc8 30. Rd3 Bc3 31. Rd7 Rc6 32. Ra7 e5 33. Rxa6 Kg7
34. Ra8 Bd4 35. Bxd4 exd4 36. Kf3 Rc4 37. a6 Ra4 38. Ke4 d3+ 39. Kxd3 Rxh4 40.
Kc3 Ra4 41. a7 h4 42. Kb3 Ra1 43. Kb2 Ra6 44. Kb1 h3 45. Rb8 h2 0-1

[Event "Madrid-ch Previa A"]
[Site "Madrid ESP"]
[Date "2014.02.12"]
[Round "6.10"]
[White "Lopez Peral, Enrique"]
[Black "Crespo Villalba, Israel"]
[Result "1/2-1/2"]
[WhiteElo "1804"]
[BlackElo "1897"]
[PlyCount "118"]
[EventDate "2014.02.03"]
[EventType "swiss"]
[EventRounds "9"]
[EventCountry "ESP"]
[Source "lmi"]
[SourceDate "2014.02.03"]

1. d4 Nf6 2. c4 g6 3. g3 Bg7 4. Bg2 O-O 5. Nc3 d6 6. Nf3 c6 7. O-O Nbd7 8. Qc2
e5 9. Rd1 Qe7 10. dxe5 dxe5 11. Ng5 Nc5 12. Nge4 Nfxe4 13. Nxe4 Nxe4 14. Bxe4
f5 15. Bg2 Be6 16. Be3 f4 17. gxf4 exf4 18. Bd4 Bh6 19. Qe4 Rf7 20. b3 Bf5 21.
Qxe7 Rxe7 22. Re1 a5 23. e4 fxe3 24. Bxe3 Rae8 25. Rad1 Bxe3 26. Rxe3 Rxe3 27.
fxe3 Rxe3 28. Rd8+ Kf7 29. Rb8 Re7 30. Ra8 Ke6 31. Rxa5 Kd6 32. b4 Be4 33. c5+
Kd5 34. Ra7 Bxg2 35. Kxg2 Kc4 36. a3 h5 37. Kf3 g5 38. h3 Kd4 39. Ra8 Re3+ 40.
Kg2 Kc4 41. Ra7 h4 42. Rxb7 Rxa3 43. Rb6 Rb3 44. Rxc6 Rg3+ 45. Kh2 Kxb4 46. Rc8
Kb5 47. c6 Kb6 48. c7 Kb7 49. Rb8+ Kxc7 50. Rb2 Kc6 51. Rg2 Rxg2+ 52. Kxg2 Kd5
53. Kf3 Ke5 54. Ke3 Kf5 55. Kf3 Kf6 56. Kf2 g4 57. hxg4 Kg5 58. Kf3 h3 59. Kg3
h2 1/2-1/2